000 00693nam a2200205Ii 4500
003 JO-AjNU
008 230605s9999||||xx |||||||||||||| ||und||
040 _aJO-AjNU
_bara
_erda
_cJO-AjNU
041 _aara
050 1 4 _aHM24 .J3888 1992
100 3 _aتاليف: الجوهري، محمد,
_eauthor
_945700
245 0 0 _aعلم الاجتماع: النظرية، الموضوع، المنهج
250 _aط1
264 3 1 _aالاسكندرية: دار المعرفة الجامعية، 1992
300 _a368ص
336 _atext
_btxt
_2rdacontent
337 _aunmediated
_bn
_2rdamedia
338 _avolume
_bnc
_2rdacarrier
650 4 _aعلم الاجتماع - فلسفة
_945701
999 _aA19829
_c23397
_d23397